000 00664cab a2200253 4500
001 X160
008 090401t1992 xxu||||| |||| 00| 0 eng d
035 _a(Sirsi) u64201
041 _aeng
100 _aPannell, B.
245 4 _aThe housing and savings markets in Wales in 1991
260 _c1992
350 _a0
490 _aHousing Finance
_v(14) May 1992, 20-24(5)
650 _aHOUSE BUILDING
650 _aHOUSE PRICES
650 _aHOUSING CONDITIONS
650 _aHOUSING POLICY
650 _aHOUSING TENURE
650 _aTENURE
690 _aPROPERTY-RESIDENTIAL PROPERTY-RESIDENTIAL PROPERTY MARKET
942 _n0
948 _c04/03/1997
999 _c39972
_d39972